Genetics, genomics and breeding of forage crops / (Record no. 10946)

MARC details
000 -LEADER
fixed length control field 02705nam a2200397Ii 4500
001 - CONTROL NUMBER
control field CRC0KE24051PDF
003 - CONTROL NUMBER IDENTIFIER
control field BD-DhSAU
005 - DATE AND TIME OF LATEST TRANSACTION
control field 20151012144258.0
006 - FIXED-LENGTH DATA ELEMENTS--ADDITIONAL MATERIAL CHARACTERISTICS
fixed length control field m|||||o||d||||||||
007 - PHYSICAL DESCRIPTION FIXED FIELD--GENERAL INFORMATION
fixed length control field cr||||
008 - FIXED-LENGTH DATA ELEMENTS--GENERAL INFORMATION
fixed length control field 140306t20142014fluad ob 001 0 eng d
020 ## - INTERNATIONAL STANDARD BOOK NUMBER
International Standard Book Number 9781482208115 (ebook : PDF)
040 ## - CATALOGING SOURCE
Original cataloging agency BD-DhSAU
Language of cataloging eng
Transcribing agency BD-DhSAU
Description conventions rda
090 ## - LOCALLY ASSIGNED LC-TYPE CALL NUMBER (OCLC); LOCAL CALL NUMBER (OCLC)
Classification number (OCLC) (R) ; Classification number, CALL (RLIN) (NR) SB193.5
Local cutter number (OCLC) ; Book number/undivided call number, CALL (RLIN) .G46 2014
092 ## - LOCALLY ASSIGNED DEWEY CALL NUMBER (OCLC)
Classification number 633.2
Item number G328
245 00 - TITLE STATEMENT
Title Genetics, genomics and breeding of forage crops /
Statement of responsibility, etc. editors: Hongwei Cai, Department of Plant Genetics and Breeding, College of Agronomy and Biotechnology, China Agricultural University, Beijing, China and Forage Crop Research Institute, Japan Grassland Agricultural and Forage Seed Association, Tochigi, Japan, Toshihiko Yamada, Field Science Center for Northern Biosphere, Hokkaido University, Sapporo, Japan, Chittaranjan Kole, Bidhan Chandra Agricultural University, Mohanpur, West Bengal, India.
264 #1 - PRODUCTION, PUBLICATION, DISTRIBUTION, MANUFACTURE, AND COPYRIGHT NOTICE
Place of production, publication, distribution, manufacture Boca Raton :
Name of producer, publisher, distributor, manufacturer CRC Press,
Date of production, publication, distribution, manufacture, or copyright notice [2014]
264 #4 - PRODUCTION, PUBLICATION, DISTRIBUTION, MANUFACTURE, AND COPYRIGHT NOTICE
Date of production, publication, distribution, manufacture, or copyright notice �2014
300 ## - PHYSICAL DESCRIPTION
Extent 1 online resource :
Other physical details text file, PDF
336 ## - CONTENT TYPE
Content type term text
Source rdacontent
337 ## - MEDIA TYPE
Media type term computer
Source rdamedia
338 ## - CARRIER TYPE
Carrier type term online resource
Source rdacarrier
490 1# - SERIES STATEMENT
Series statement Genetics, genomics and breeding of crop plants
504 ## - BIBLIOGRAPHY, ETC. NOTE
Bibliography, etc Includes bibliographical references and index.
505 0# - FORMATTED CONTENTS NOTE
Formatted contents note 1. Forage grasses and legumes : an introduction / Toshihiko Yamada -- 2. Perennial ryegrass / Toshihiko Yamada -- 3. Italian ryegrass / Maiko Inoue, Alan V. Stewart and Hongwei Cai -- 4. Tall fescue / Malay C. Saha -- 5. Meadow fescue / Kovi Mallikarjuna Rao and Odd Arne Rognli -- 6. Dactylis and phleum / Alan V. Stewart, Nicholas W. Ellison and B. Shaun Bushman -- 7. Bentgrasses and bluegrasses / Keenan Amundsen and Scott Warnke -- 8. Warm-season grasses / Masumi Ebina, Shin-ichi Tsuruta and Yukio Akiyama -- 9. Zoysiagrass / Hongwei Cai, Manli Li, Xun Wang, Nana Yuyama and Mariko Hirata -- 10. Alfalfa / Maria J. Monteros, Yuanhong Han and E. Charles Brummer -- 11. Red clover / Sachiko Isobe, Roland K�olliker, Beat Boller and Heathcliffe Riday -- 12. White clover / John W. Forster, Noel O.I. Cogan and Michael T. Abberton.
530 ## - ADDITIONAL PHYSICAL FORM AVAILABLE NOTE
Additional physical form available note Also available in print format.
650 #0 - SUBJECT ADDED ENTRY--TOPICAL TERM
Topical term or geographic name as entry element Forage plants
General subdivision Breeding.
650 #0 - SUBJECT ADDED ENTRY--TOPICAL TERM
Topical term or geographic name as entry element Forage plants
General subdivision Genetics.
655 #7 - INDEX TERM--GENRE/FORM
Genre/form data or focus term Electronic books.
Source of term lcsh
700 1# - ADDED ENTRY--PERSONAL NAME
Personal name Cai, Hongwei,
Relator term editor.
700 1# - ADDED ENTRY--PERSONAL NAME
Personal name Yamada, Toshihiko,
Relator term editor.
700 1# - ADDED ENTRY--PERSONAL NAME
Personal name Kole, Chittaranjan,
Relator term editor.
776 08 - ADDITIONAL PHYSICAL FORM ENTRY
Relationship information Print version:
International Standard Book Number 9781482208108 (hardback)
830 #0 - SERIES ADDED ENTRY--UNIFORM TITLE
Uniform title Genetics, genomics and breeding of crop plants.
856 40 - ELECTRONIC LOCATION AND ACCESS
Uniform Resource Identifier <a href="http://marc.crcnetbase.com/isbn/9781482208115">http://marc.crcnetbase.com/isbn/9781482208115</a>
Electronic format type application/PDF

No items available.